| 000 | 00000nam 2200000zi 4500 |
| 001 | 9.955929 |
| 003 | CaOODSP |
| 005 | 20251030135442 |
| 006 | m o d f |
| 007 | cr mn||||||||| |
| 008 | 251002s2025 onc o f000 0 fre d |
| 020 | |a9780660791807 |
| 040 | |aCaOODSP|bfre|erda|cCaOODSP |
| 043 | |an-cn--- |
| 086 | 1 |aCi44-26/2025F-PDF |
| 245 | 00|aFiche d'information : |bcomment soutenir les demandeurs d'asile admissibles au Programme fédéral de santé intérimaire. |
| 264 | 1|a[Ottawa] : |bImmigration, réfugiés et citoyenneté Canada = Immigration, Refugees and Citizenship Canada, |c[2025] |
| 300 | |a1 ressource en ligne (5 pages) |
| 336 | |atexte|btxt|2rdacontent/fre |
| 337 | |ainformatique|bc|2rdamedia/fre |
| 338 | |aressource en ligne|bcr|2rdacarrier/fre |
| 500 | |aPublié aussi en anglais sous le titre : Information sheet : how to support refugee claimants eligible for the Interim Federal Health Program. |
| 500 | |aTitre de départ. |
| 650 | 6|aRéfugiés|xSoins médicaux|zCanada|xFinances. |
| 650 | 6|aRéfugiés|xSoins médicaux|xPolitique gouvernementale|zCanada. |
| 650 | 6|aAssurance-maladie|xPolitique gouvernementale|zCanada. |
| 710 | 1 |aCanada. |bImmigration, réfugiés et citoyenneté Canada, |eorganisme de publication. |
| 775 | 08|tInformation sheet : |w(CaOODSP)9.955928 |
| 795 | |tFiche d'information : |w(CaOODSP)9.934050 |
| 856 | 40|qPDF|s160 Ko|uhttps://publications.gc.ca/collections/collection_2025/ircc/Ci44-26-2025-fra.pdf |
| 986 | |aIRCC-3770 |